000
00271nam a2200109Ia 4500
008
190216s9999||||xx |||||||||||||| ||und||
100
_a
Dpub J R M & Clivede F
245
0
_a
Principles Of Auditing
260
_b
Sulthan Chand&Sons
650
_a
Accountancy
942
_c
BK
999
_c
3824
_d
3824